000 00754nam a2200253Ia 4500
001 30771
003 BD-RjUL
005 20211209051620.0
008 140412s1958 nyua b 001 0 eng d
035 _a(BD-RjUL)30858
_a(OCoLC)
040 _aDLC
_cCOV
_dCOV
_dOCL
_dMYG
_dBD-RjUL
_beng
041 _aeng
082 0 4 _219
_aR 500
_bBOO V-4 1958
245 0 4 _aThe book of popular science /
_nVolume 4
260 _aNew York :
_bGrolier Society,
_c1958.
300 _a422 p. :
_bill. (some col.), ports., maps ;
_c25 cm.
504 _aIncludes bibliographical references and index.
650 0 _aScience.
_993498
650 0 _aTechnology.
_993499
650 0 _aNatural history.
_993500
942 _2ddc
_cBK
999 _c30771
_d30771